Nové pojetí účtování kurzových rozdílů podle novelizace IAS 21 a řízení devizové pozice bank

Evidencia kurzových rozdielov majetkových účastí a devízovej pozície majetkovej účasti českej banky v zahraničnej firme. Konsolidácia českej banky a nemeckej firmy, v ktorej má česká banka majetkovú účasť z devízovej pozície českej banky alebo v prípade, že majetková účasť českej banky je zahrnutá d...

ver descrição completa

Na minha lista:
Detalhes bibliográficos
Autor principal: Jílek, Josef
Formato: Capítulo de Livro
Idioma:tcheco
Assuntos:
Tags: Adicionar Tag
Sem tags, seja o primeiro a adicionar uma tag!

MARC

LEADER 00000naa a2200000 4500
001 r026478
005 20230913081044.2
041 0 |a cze 
044 |a CZ 
245 1 0 |a Nové pojetí účtování kurzových rozdílů podle novelizace IAS 21 a řízení devizové pozice bank  |c J. Jílek 
520 |a Evidencia kurzových rozdielov majetkových účastí a devízovej pozície majetkovej účasti českej banky v zahraničnej firme. Konsolidácia českej banky a nemeckej firmy, v ktorej má česká banka majetkovú účasť z devízovej pozície českej banky alebo v prípade, že majetková účasť českej banky je zahrnutá do devízovej pozície českej banky. Štyri varianty riešení kurzových rozdielov a devízovej pozície majetkovej účasti českej banky v zahraničnej firme. 
610 2 0 |a bankovníctvo 
610 2 0 |a kurz devízový 
610 2 0 |a konsolidácia 
610 2 0 |a rozdiely kurzové 
610 2 0 |a Česko 
610 2 0 |a devízy 
610 2 0 |a banky 
100 1 |a Jílek, Josef